Indonesia's President - Statistics

General Stats
  • This quiz has been taken 1,282 times
  • The average score is 5 of 6
Answer Stats
Hint Answer % Correct
Soekarno
98%
Soeharto
96%
Megawati
92%
Susilo Bambang Yudhoyono
85%
Habibie
83%
Abdurrahman Wahid
81%
No matching quizzes found
Score Distribution
Percent of People with Each Score
Percentile by Number Answered
Your Score History
You have not taken this quiz